000285363 001__ 285363
000285363 005__ 20240928180413.0
000285363 0247_ $$aG:(GEPRIS)242676099$$d242676099
000285363 035__ $$aG:(GEPRIS)242676099
000285363 040__ $$aGEPRIS$$chttp://gepris.its.kfa-juelich.de
000285363 150__ $$aBestimmende Faktoren der Toxizität in Darm und Leber für zwei Nanopartikel ähnlicher Größe, eingesetzt in Lebensmitteln und Verpackungen: in vitro und in vivo Untersuchungen zur Aufnahme und daran beteiligten Mechanismen$$y2013 - 2018
000285363 371__ $$aDr. Irina Estrela-Lopis
000285363 371__ $$aProfessor Dr. Alfonso Lampen
000285363 371__ $$aDr. Peter Laux
000285363 450__ $$aDFG project G:(GEPRIS)242676099$$wd$$y2013 - 2018
000285363 5101_ $$0I:(DE-588b)2007744-0$$aDeutsche Forschungsgemeinschaft$$bDFG
000285363 680__ $$a
000285363 909CO $$ooai:juser.fz-juelich.de:952106$$pauthority$$pauthority:GRANT
000285363 909CO $$ooai:juser.fz-juelich.de:952106
000285363 980__ $$aG
000285363 980__ $$aAUTHORITY